|
|
|
|
| LEADER |
00000nab a2200000 a 4500 |
| 001 |
vtls000269156 |
| 003 |
SK-MaSNL |
| 005 |
20260303223414.0 |
| 008 |
111202c1986 xo 0 slo |
| 015 |
|
|
|a SNBRA19rr/mm-uuuuu
|
| 035 |
|
|
|a CL0279270
|
| 040 |
|
|
|a SNKBUCL
|b slo
|c SNKBUCL
|e AACR2
|
| 041 |
0 |
|
|a slo
|
| 044 |
|
|
|a xo
|c SK
|
| 080 |
|
|
|a 631:331.55:331.024.35
|2 1981
|
| 080 |
|
|
|a 331.55
|2 1981
|
| 080 |
|
|
|a 331.024.35
|2 1981
|
| 080 |
|
|
|a 631
|2 1981
|
| 100 |
1 |
|
|a Kmeťková, Mária,
|d 1940-
|4 aut
|9 5456
|
| 245 |
1 |
0 |
|a Kvalifikácia pracovných síl a rast produktivity práce v poľnohospodárstve
|c Mária Kmeťková
|
| 300 |
|
|
|b Tb. 4., lit. 3 zázn. v slov., češ.
|
| 650 |
0 |
7 |
|a poľnohospodárstvo
|2 snkbucl
|9 679
|
| 650 |
0 |
7 |
|a produktivita práce
|2 snkbucl
|9 2344
|
| 650 |
0 |
7 |
|a pracovná sila
|2 snkbucl
|9 2342
|
| 655 |
|
7 |
|a články zo zborníkov
|2 snkbucl
|9 166140
|
| 773 |
0 |
|
|t Zborník Ústavu marxizmu-leninizmu pri Vysokej škole poľnohospodárskej v Nitre 16/1986
|d Bratislava : Príroda, 1986
|g S. 111-123
|
| 850 |
|
|
|a Slovenská národná knižnica v Martine
|a MTA001
|
| 852 |
|
|
|a SNK
|b KIS3GCP
|
| 958 |
|
|
|a RK
|
| 992 |
|
|
|a RZB
|
| 999 |
|
|
|c 2247621
|d 2249551
|